Ethics, Integrity and Aptitude: (Record no. 185560)

MARC details
000 -LEADER
fixed length control field 00676nam a22001937a 4500
005 - DATE AND TIME OF LATEST TRANSACTION
control field 20220204105936.0
010 ## - LCCN (DPL NO)
LC control number ENG-131398
020 ## - INTERNATIONAL STANDARD BOOK NUMBER
International Standard Book Number 9789354490064
Terms of availability 470.00
035 ## - SYSTEM CONTROL NUMBER
System control number EN-114930
037 ## - SOURCE OF ACQUISITION
Source of stock number/acquisition DBAD
082 ## - DEWEY DECIMAL CLASSIFICATION NUMBER
Classification number 000
100 ## - MAIN ENTRY--PERSONAL NAME
Personal name Kulkarni, Mukul
245 ## - TITLE STATEMENT
Title Ethics, Integrity and Aptitude:
Remainder of title For UPSC Main GS Paper IV/
Statement of responsibility, etc Mukul Kulkarni, Akshay Patil
260 ## - PUBLICATION, DISTRIBUTION, ETC. (IMPRINT)
Place of publication, distribution, etc Uttar Pradesh
Name of publisher, distributor, etc Pearson India Education Services
Date of publication, distribution, etc 2021
270 ## - ADDRESS
Address 15th Floor, Tower-B, World Trade, Plot No. 1, Block-C, Sector 16,
City Noida
Postal code 201301
Electronic mail address companysecretary.india@pearson.com
300 ## - PHYSICAL DESCRIPTION
Extent vp.
Dimensions 25cm(pbk)
700 ## - ADDED ENTRY--PERSONAL NAME
Personal name Patil, Akshay
942 ## - ADDED ENTRY ELEMENTS (KOHA)
Source of classification or shelving scheme Dewey Decimal Classification
Item type English Books
Classification part 000
Call number suffix KUL
Holdings
Withdrawn status Lost status Not for loan Collection code Home library Current library Date acquired Source of acquisition Cost, normal purchase price Full call number Barcode Copy number Cost, replacement price Koha item type
      Non-fiction Bawana Bawana 04/02/2022 DBAD/PUB 470.00 000 KUL EN-114930 1 470.00 English Books

© Delhi Public Library
Hit Counter
free hit counter